000 01480nam2a2200265 4500
001 RU\NLR\BIBL_A\022110165
005 20240131095912.0
010 _a978-5-09-109349-0
_bч. 3
_9300
021 _aRU
_bКН-П-24-041598
_9КН-П-24-4119
021 _aRU
_bКН-П-23-076429
_9КН-П-23-7722
035 _a(NLR Aleph) 022110165
090 _a12774806
_c12774806
100 _a20240118d2024 e y0rusy50 ca
101 0 _arus
102 _aRU
105 _aa j 001yy
200 0 _aЧ. 3
210 _d2024 (печ. 2023)
215 _a240 с.
_cил., цв. ил.
320 _aПредм. указ.: с. 228-236
461 0 _1001RU\NLR\BIBL_A\022099745
_12001#$aМатематика$iГеометрия$e7-9 классы$eбазовый уровень$eучебное пособие$eдля детей с нарушением зрения$eв четырёх частях$fЛ. С. Атанасян, В. Ф. Бутузов, С. Б. Кадомцев [и др.]$vЧ. 3
_912742736
_cМосква
_d2024
_e5-е изд., перераб.
_fЛ. С. Атанасян, В. Ф. Бутузов, С. Б. Кадомцев [и др.]
_iГеометрия
_nПросвещение
_o7-9 классы : базовый уровень : учебное пособие : для детей с нарушением зрения : в четырёх частях
_tМатематика
_y9785091093469
_vЧ. 3
942 _cBOOK
980 _aNB